UM Logo

Seameo innotech develops a resource kit for teachers on career preparation / (Record no. 22824)

MARC details
000 -LEADER
fixed length control field 00485nam a22001457a 4500
003 - CONTROL NUMBER IDENTIFIER
control field OSt
005 - DATE AND TIME OF LATEST TRANSACTION
control field 20241022152755.0
008 - FIXED-LENGTH DATA ELEMENTS--GENERAL INFORMATION
fixed length control field 241022b |||||||| |||| 00| 0 eng d
040 ## - CATALOGING SOURCE
Transcribing agency 0
082 ## - DEWEY DECIMAL CLASSIFICATION NUMBER
Classification number DPer050 M72 January-March 2018 v. 66 no. 8-10
245 ## - TITLE STATEMENT
Title Seameo innotech develops a resource kit for teachers on career preparation /
260 ## - PUBLICATION, DISTRIBUTION, ETC. (IMPRINT)
Place of publication, distribution, etc. Manila, Philippines ;
Name of publisher, distributor, etc. In the Grade School, Inc,
Date of publication, distribution, etc. September 2018.
300 ## - PHYSICAL DESCRIPTION
Extent Volume 66,page 130,
Other physical details illustration.
942 ## - ADDED ENTRY ELEMENTS (KOHA)
Source of classification or shelving scheme Dewey Decimal Classification
Koha item type Periodicals
Holdings
Withdrawn status Lost status Source of classification or shelving scheme Damaged status Not for loan Collection code Home library Current library Date acquired Total Checkouts Full call number Date last seen Price effective from Koha item type Public note
    Dewey Decimal Classification     Periodicals UM Digos College - LIC UM Digos College - LIC 10/22/2024   DPer050 M72 January-March 2018 v. 66 no. 8-10 10/22/2024 10/22/2024 Periodicals Periodical Article